Score 0/25 Timer 07:00
4 Plays Today
% Correct
Forrest Gump
97.3%
Monsters, Inc.
91.8%
Ted
88.3%
Step Brothers
82.4%
The 40-Year-Old Virgin
81.3%
The Sound of Music
78.7%
Grease
76.2%
Groundhog Day
73.1%
Paranormal Activity
66.8%
Ghostbusters
65.6%
Amélie
63.6%
Misery
61.3%
Eternal Sunshine of the Spotless Mind
56.9%
% Correct
Bedknobs and Broomsticks
55.4%
Stuart Little
52%
Amadeus
49.4%
Her
49.1%
(500) Days of Summer
48.6%
The Butterfly Effect
47.1%
Breakfast at Tiffany's
47.1%
The Perks of Being a Wallflower
45.4%
Garden State
36.5%
A Clockwork Orange
28.8%
Love & Other Drugs
26.3%
Barton Fink
13.3%
Remove Ads.
Support Sporcle.
Get the best of Sporcle when you Go Orange. This ad-free experience offers more features, more stats, and more fun while also helping to support Sporcle. Thank you for becoming a member.

You're not logged in!

Compare scores with friends on all Sporcle quizzes.
OR
Log In

Show Comments

Extras

Top Quizzes Today


Score Distribution

Your Account Isn't Verified!

In order to create a playlist on Sporcle, you need to verify the email address you used during registration. Go to your Sporcle Settings to finish the process.

Report this User

Report this user for behavior that violates our Community Guidelines.

Details: